Les études classiques et la démocratie / (Record no. 54464)

MARC details
000 -LEADER
campo de control de longitud fija 00563nam a22001815i 4500
001 - NÚMERO DE CONTROL
campo de control 54464
003 - IDENTIFICADOR DE NÚMERO DE CONTROL
campo de control ES-MaACL
005 - FECHA Y HORA DE LA ÚLTIMA TRANSACCIÓN
campo de control 20250704063110.0
007 - CAMPO FIJO DE DESCRIPCIÓN FÍSICA--INFORMACIÓN GENERAL
campo de control de longitud fija t|
008 - DATOS DE LONGITUD FIJA--INFORMACIÓN GENERAL
campo de control de longitud fija 960724s1898 fr ||||1| fre d
040 ## - FUENTE DE CATALOGACIÓN
Centro catalogador/agencia de origen CAM
Lengua de catalogación spa
Centro/agencia transcriptor CAM
100 1# - ENTRADA PRINCIPAL--NOMBRE DE PERSONA
Nombre de persona Fouillée, Alfred,
Fechas asociadas al nombre 1838-1912
9 (RLIN) 51939
245 14 - MENCIÓN DEL TÍTULO
Título Les études classiques et la démocratie /
Mención de responsabilidad, etc. Alfred Fouillée.
260 ## - PUBLICACIÓN, DISTRIBUCIÓN, ETC.
Lugar de publicación, distribución, etc. Paris :
Nombre del editor, distribuidor, etc. Armand Colin et Cie.,
Fecha de publicación, distribución, etc. 1898 (
Fabricante imprimerie Lahure)
300 ## - DESCRIPCIÓN FÍSICA
Extensión VII, [1] en bl., 250, [1] p. ;
Dimensiones 19 cm.
852 ## - LOCALIZACIÓN
Ubicación ES-MaACL
Número de control de estantería F-10557
Holdings
Estatus retirado Estado de pérdida Estado de daño No para préstamo Colección Biblioteca de origen Biblioteca actual Ubicación en estantería Fecha de adquisición Fuente de adquisición Total de préstamos Signatura topográfica completa Código de barras Visto por última vez Precio de reemplazo Tipo de ítem Koha
        Libros del s. XIX Biblioteca del Ateneo de Madrid Biblioteca del Ateneo de Madrid Sala Pecera Planta 2 17/01/2008     F-10557 1057231 23/02/2023 23/02/2023 Libro impreso antiguo